| 000 | 00730 a2200181 4500 | ||
|---|---|---|---|
| 999 |
_c25780 _d25780 |
||
| 010 | _aB-284468, B-213550 | ||
| 020 |
_c300.00 _a8170174120 |
||
| 035 | _aB-284468, B-093627, B-213550,B-213546 | ||
| 037 | _bPansy Books | ||
| 082 | _aN | ||
| 100 | _aBasu, Romen | ||
| 245 |
_aBreach of faith: _cby Romen Basu _ba novel / |
||
| 260 |
_aNew Delhi _bAbhinav Publications _c2002 |
||
| 270 |
_bNew Delhi _aE-37, Hauz Khas _e110016 _k6566387, 6562784, 6524658 _l91-11-6857009 _mshakti@nde.vsnl.net.in |
||
| 300 |
_a207p. _c21cm. (Hb) |
||
| 942 |
_adpl _cEN _2ddc _hN _mBAS |
||